Pravidlá rozpočtového hospodárenia pri použití nevyčerpaných účelovo určených prostriedkov

Pokračovanie príspevku z predchádzajúceho čísla. Dodržiavanie pravidiel rozpočtového hospodárenia, najmä zásady časovosti pri použití nevyčerpaných účelovo určených prostriedkov v rozpočte nasledujúceho roka a praktické poznatky z aplikácie týchto zásad v praxi subjektov územnej samosprávy.

Salvato in:
Dettagli Bibliografici
Autore principale: Konečná Veverková, Ingrid
Natura: Capitolo di libro
Lingua:slovacco
Soggetti:
Tags: Aggiungi Tag
Nessun Tag, puoi essere il primo ad aggiungerne!!

MARC

LEADER 00000naa a2200000 4500
001 0193194
005 20231204111805.0
041 0 |a slo 
044 |a SK 
245 1 0 |a Pravidlá rozpočtového hospodárenia pri použití nevyčerpaných účelovo určených prostriedkov  |c Ingrid Konečná Veverková 
520 |a Pokračovanie príspevku z predchádzajúceho čísla. Dodržiavanie pravidiel rozpočtového hospodárenia, najmä zásady časovosti pri použití nevyčerpaných účelovo určených prostriedkov v rozpočte nasledujúceho roka a praktické poznatky z aplikácie týchto zásad v praxi subjektov územnej samosprávy. 
610 2 0 |a správa verejná 
610 2 0 |a pravidlá rozpočtové 
610 2 0 |a účet záverečný štátny 
610 2 0 |a financie verejné 
100 1 |a Konečná Veverková, Ingrid